Teach yourself effectively feng shui (Record no. 136198)

MARC details
000 -LEADER
fixed length control field 00578nam a22001937a 4500
010 ## - LIBRARY OF CONGRESS CONTROL NUMBER
LC control number B-161847
020 ## - INTERNATIONAL STANDARD BOOK NUMBER
International Standard Book Number 8189093010
Terms of availability 90.00
035 ## - SYSTEM CONTROL NUMBER
System control number B-161847
037 ## - SOURCE OF ACQUISITION
Stock number Cen Lib/Ret
040 ## - CATALOGING SOURCE
Original cataloging agency DPL
Language of cataloging EN
082 ## - DEWEY DECIMAL CLASSIFICATION NUMBER
Classification number 615.892
Item number VAS
100 ## - MAIN ENTRY--PERSONAL NAME
Personal name Vasudevan, Bhavani
9 (RLIN) 114007
245 ## - TITLE STATEMENT
Title Teach yourself effectively feng shui
Statement of responsibility, etc by Bhavani Vasudevan [and] Reiki Grand Master
260 ## - PUBLICATION, DISTRIBUTION, ETC. (IMPRINT)
Place of publication, distribution, etc New Delhi ;
Name of publisher, distributor, etc Lotus Press,
Date of publication, distribution, etc 2005
300 ## - PHYSICAL DESCRIPTION
Extent 147p ;
Other physical details 24cm
650 ## - SUBJECT ADDED ENTRY--TOPICAL TERM
Topical term or geographic name as entry element Medical science
9 (RLIN) 114008
650 ## - SUBJECT ADDED ENTRY--TOPICAL TERM
Topical term or geographic name as entry element Pharmacology
9 (RLIN) 16608
942 ## - ADDED ENTRY ELEMENTS (KOHA)
Source of classification or shelving scheme Dewey Decimal Classification
Koha item type English Books
Classification part 615.892
Call number suffix VAS
Holdings
Withdrawn status Lost status Damaged status Not for loan Home library Current library Date acquired Source of acquisition Cost, normal purchase price Total Checkouts Full call number Barcode Date last seen Date checked out Copy number Price effective from Koha item type
        Central Library Central Library 28/12/2015 Cen Lib/Ret 90.00 3 615.892 VAS B-161847 25/01/2018 29/12/2017 1 28/12/2015 English Books

© Delhi Public Library
Hit Counter
free hit counter